[Event "Dortmund ABC Aufstreber 18th"]
[Site "Dortmund"]
[Date "2002.11.29"]
[Round "11"]
[White "Kreitz, Thomas"]
[Black "Grawe, Herbert"]
[Result "1-0"]
[WhiteElo "1461"]
[BlackElo "1406"]
[PlyCount "119"]
[EventDate "2002.10.11"]
[EventType "tourn"]
[EventRounds "13"]
[EventCountry "GER"]
[SourceTitle "EXT 2004"]
[Source "ChessBase"]
[SourceDate "2003.11.25"]
[SourceVersion "1"]
[SourceVersionDate "2003.11.25"]
[SourceQuality "1"]

1. e4 c5 2. Nf3 d6 3. d4 cxd4 4. Nxd4 a6 5. Nc3 b6 6. Be3 Bb7 7. Qd2 Nf6 8. f3 e6 9. g4 Be7 10. h4 Nbd7 11. h5 Ne5 12. 0-0-0 Rc8 13. Kb1 Qd7 14. g5 Ng8 15. Be2 b5 16. Rdg1 b4 17. Nd1 d5 18. g6 hxg6 19. hxg6 Rxh1 20. gxf7+ Kxf7 21. Rxh1 dxe4 22. fxe4 Nf6 23. Rf1 Bxe4 24. Bf4 Nc4 25. Bxc4 Rxc4 26. Be5 Bxc2+ 27. Ka1 Bf5 28. Ne3 Ne4 29. Qd1 g6 30. Nxc4 Bc5 31. Qd3 Ke7 32. Nxf5+ exf5 33. Qc2 Qe6 34. Rh1 Qf7 35. Na5 g5 36. Nb7 Qd5 37. Bh8 Kf7 38. Qh2 Ke6 39. Qh6+ Kd7 40. Qh7+ Kc6 41. Nxc5 Nxc5 42. Qh5 g4 43. Rc1 Kb5 44. Qe8+ Nd7 45. Qe2+ Ka5 46. Rd1 Qc6 47. Bd4 g3 48. Qd2 Qd6 49. a3 f4 50. axb4+ Ka4 51. Qc2+ Kb5 52. Qd3+ Ka4 53. Qa3+ Kb5 54. Qa5+ Kc4 55. Qa2+ Kb5 56. Qb3 Qc6 57. Bg1 Nb6 58. Qd3+ Qc4 59. Qf5+ Kc6 60. Qf6+ 1-0

[Event "Dortmund ABC Aufstreber 18th"]
[Site "Dortmund"]
[Date "2002.11.01"]
[Round "6"]
[White "Huebel, Carsten"]
[Black "Kreitz, Thomas"]
[Result "0-1"]
[WhiteElo "1425"]
[BlackElo "1461"]
[PlyCount "58"]
[EventDate "2002.10.11"]
[EventType "tourn"]
[EventRounds "13"]
[EventCountry "GER"]
[SourceTitle "EXT 2004"]
[Source "ChessBase"]
[SourceDate "2003.11.25"]
[SourceVersion "1"]
[SourceVersionDate "2003.11.25"]
[SourceQuality "1"]

1. c4 c5 2. Nc3 Nc6 3. g3 Nf6 4. Bg2 d6 5. d3 g6 6. Bg5 Bg7 7. Nf3 h6 8. Bxf6 Bxf6 9. Qd2 a6 10. 0-0 Bg7 11. Rfe1 0-0 12. e3 e5 13. a3 Bg4 14. Nd5 a5 15. Rab1 Be6 16. Qc2 Ne7 17. Nd2 Nxd5 18. cxd5 Bg4 19. f3 Bc8 20. e4 b5 21. b4 axb4 22. axb4 cxb4 23. Rxb4 Bd7 24. Rc1 Qb6+ 25. Kh1 Rfc8 26. Qd1 Rxc1 27. Qxc1 Rc8 28. Qb2 Qf2 29. Nf1 Rc2 0-1